| 000 | 01326cam a22004454i 4500 | ||
|---|---|---|---|
| 003 | PE-LiUPU | ||
| 005 | 20250731180129.0 | ||
| 008 | 150625s r 000 0 d | ||
| 035 | _a(Sirsi) a34464 | ||
| 040 |
_aPE-LiUPU _bspa _cPE-LiUPU _erda |
||
| 082 | 0 | 4 |
_a519.53 _bA11 _221 |
| 100 | 1 |
_aAbad, Adela, _eautor. |
|
| 245 | 1 | 0 |
_aIntroducción al muestreo / _cAdela Abad y Luis A. Servín. |
| 264 | 1 |
_aMexico : _bLimusa, Noriega, _c1982 |
|
| 300 |
_a216 páginas, _c23 centímetros |
||
| 336 |
_atext _2rdacontent |
||
| 337 |
_aunmediated _2rdamedia |
||
| 338 |
_avolume _2rdacarrier |
||
| 526 | _aSEG44 | ||
| 526 | _aSEG26 | ||
| 526 | _aP159 | ||
| 526 | _aP155 | ||
| 526 | _aP154 | ||
| 526 | _aP153 | ||
| 526 | _aP150 | ||
| 526 | _aP100 | ||
| 526 | _aP31 | ||
| 526 | _aP30 | ||
| 526 | _aP26 | ||
| 526 | _aP25 | ||
| 526 | _aP24 | ||
| 526 | _aP22 | ||
| 526 | _aP15 | ||
| 526 | _aP10 | ||
| 942 |
_2ddc _cBOOK |
||
| 949 |
_a519.53 A11 _wDEWEY _c1 _i32117 _lCCODEBUL1 _mBUL _p00.00 _r0 _sY _tBOOK _u2015-06-25 _xBIBLIOTECA _zUNKNOWN _0COMPRA _o.STAFF. Colección General |
||
| 596 | _a1 | ||
| 999 |
_a519.53 A11 _wDEWEY _c42323 _i32117 _f2021-11-5 _g4 _lCCODEBUL1 _mBUL _r0 _sN _tBOOK _u2015-6-25 _xBIBLIOTECA _zUNKNOWN _0COMPRA _o.STAFF. Colección General _d42323 |
||
| 980 |
_81 _gALBERTO SANCHEZ Responsable de Automatización |
||